000 00407nam a22001457a 4500
003 SGT
082 _a617.84
_bE24T
100 _aTALUKDAR, JIGYASHA RUBI
245 _aEFFECT OF SENSORIMOTOR TRAINING ON MUSCLE STRENGTH AND MECHANOSENSITVITY IN PATIENTS WITH DIABETIC NEUROPATHY
260 _aGURUGRAM
_bSGT UNIVERSITY
_c2024
300 _a113
650 _aNEUROLOGY
653 _aMPT
942 _2ddc
_cTH
999 _c32187
_d32187